Trouve le catcheurs selon son finisher - Statistiques

Statistiques générales
  • Ce quiz a été pris 236 fois
    227 depuis la dernière actualisation
  • Le résultat moyen est 29 sur 40
Statistiques - réponses
Finishers Catcheurs % Correct
RKO Randy Orton
97%
Attitude Adjustment John Cena
96%
619 Rey Mysterio
96%
Spear Roman Reigns / Edge
95%
Batista Bomb Batista
94%
Tombstone piledriver The Undertaker
93%
Pedigree Triple H
93%
Cross Rhodes Cody Rhodes
91%
Uso Splash Jey Uso / Jimmy Uso
91%
F-5 Brock Lesnar
90%
Walls Of Jericho Chris Jericho
90%
Rock Bottom The Rock
90%
Styles Clash AJ Styles
89%
Big Ending Big-E
87%
Go To Sleep CM Punk
86%
Chokeslam From Hell Kane
85%
The Stomp Seth Rollins
85%
Stunner Stone Cold Steve Austin
81%
Sweet Chin Music Shawn Michaels
80%
Ankle Lock Kurt Angle
78%
Trouble In Paradise Kofi Kingston
75%
Samoan Spike Umaga / Solo Sikoa
75%
Swanton Bomb Jeff Hardy
73%
WMD / KO Punch Big Show
72%
Sister Abigail Bray Wyatt
70%
Brogue Kick Sheamus
67%
World's Strongest Slam Mark Henry
65%
Atomic Leg Drop Hulk Hogan
63%
Boogey Slam The Boogeyman
62%
Clash Of The Titus Titus O'neil
62%
Jackhammer Goldberg
58%
Skull-Crushing Finale The Miz
58%
Helluva Kick Sami Zayn
56%
Frog Splash Eddie Guerrero
52%
Five Star Frog Splash Rob Van Dam
43%
Running Powerslam Braun Strowman
42%
Dirty Deeds Dean Ambrose
42%
Glorious DDT Robert Roode
39%
Chop to the Head The Great Khali
25%
Banzai Drop Yokosuna
2%
Aucun quiz correspondant
Distribution des résultats
% des personnes avec chaque résultat
Percentile par nombre de réponses
Votre historique - résultats
Vous n’avez pas pris ce quiz depuis la dernière actualisation